000 00704nam a2200241Ia 4500
003 OSt
005 20220918203423.0
006 a|||||r|||| 00| 0
007 ta
008 220917b |||||||| |||| 00| 0 eng d
024 _a108,177
037 _cTextual
040 _aARTS
_cARTS
_beng
041 _2eng
_aeng
082 _aV4313.N, L2
100 _aLamb Helen B
_9102627
245 0 _aVentnam's will to live
_b Resistance to foreign aggression from early times through the nineteenth century
260 _aNew York
_bMonthly Review Press
_c1972
300 _a344p. maps
_ccm.
650 _aHISTORY
942 _hV4313.N, L2
_cTEXL
_2CC
999 _c231531
_d231531